Sports Quiz

Random Sports Quiz

Players who scored at least 40 points off the bench? Quiz Stats

Quiz not verified by Sporcle

Challenge
Share
Tweet
Embed
Score 0/18 Timer 10:00
0 Plays Today
Team Answer % Correct
Denver NuggetsJR Smith
75.3%
San Antonio SpursManu Ginobili
66.7%
Oklahoma City ThunderJames Harden
63%
Chicago BullsBen Gordon
54.3%
New York KnicksNate Robinson
45.7%
Philadelphia 76ersAllen Iverson
42%
Memphis GrizzliesMike Miller
37%
Orlando MagicNick Anderson
32.1%
Sacramento KingsKevin Martin
32.1%
Team Answer % Correct
Sacramento KingsWalt Williams
24.7%
Milwaukee BucksRicky Pierce
23.5%
New York KnicksAl Harrington
16%
Dallas MavericksRodrigue Beaubois
12.3%
Portland TrailblazersDarius Miles
12.3%
Utah JazzThurl Bailey
11.1%
Dallas MavericksNick Van Exel
11.1%
Boston CelticsTodd Day
7.4%
Houston RocketsSleepy Floyd
7.4%

You're not logged in!

Compare scores with friends on all Sporcle quizzes.
Join for Free
OR
Log In

You Might Also Like...

Show Comments

Extras

Created Feb 28, 2014ReportNominate
Tags:bench, least, off, player, point, team

Top Quizzes Today


Score Distribution

Your Account Isn't Verified!

In order to create a playlist on Sporcle, you need to verify the email address you used during registration. Go to your Sporcle Settings to finish the process.

Report this User

Report this user for behavior that violates our Community Guidelines.

Details: